Statistiques concernant Vainqueurs Simple Messieurs Wimbledon depuis 2003

Cliquez ici pour prendre le quiz!

Statistiques générales

  • Ce quiz a été pris 134 fois
  • Le résultat moyen est 5 sur 5

Statistiques - réponses

Réponse% Correct
Novak Djokovic
100%
Rafael Nadal
100%
Roger Federer
100%
Carlos Alcaraz
94%
Andy Murray
93%

Distribution des résultats

Percentile par nombre de réponses

% des personnes avec chaque résultat

Votre développement - résultats

Vous n’avez pas pris ce quiz